The persuasive presenter / (Record no. 136092)

MARC details
000 -LEADER
fixed length control field 00785nam a22002537a 4500
003 - CONTROL NUMBER IDENTIFIER
control field dpl
005 - DATE AND TIME OF LATEST TRANSACTION
control field 20180621154028.0
008 - FIXED-LENGTH DATA ELEMENTS--GENERAL INFORMATION
fixed length control field 180621b xxu||||| |||| 00| 0 eng d
010 ## - LIBRARY OF CONGRESS CONTROL NUMBER
LC control number B-192080
020 ## - INTERNATIONAL STANDARD BOOK NUMBER
International Standard Book Number 0070597545
035 ## - SYSTEM CONTROL NUMBER
System control number B-192080, B-192087
037 ## - SOURCE OF ACQUISITION
Source of stock number/acquisition Cen Lib/Ret
040 ## - CATALOGING SOURCE
Original cataloging agency DPL
Language of cataloging EN
Transcribing agency 0
082 ## - DEWEY DECIMAL CLASSIFICATION NUMBER
Classification number 658.409
Item number KOZ
100 ## - MAIN ENTRY--PERSONAL NAME
Personal name Kozicki, Stephen
9 (RLIN) 96718
245 ## - TITLE STATEMENT
Title The persuasive presenter /
Statement of responsibility, etc by Stephen Kozicki [and] Gary Peacock
260 ## - PUBLICATION, DISTRIBUTION, ETC. (IMPRINT)
Name of publisher, distributor, etc Tata McGraw-Hill Publishing Co. Ltd
Place of publication, distribution, etc New Delhi
Date of publication, distribution, etc 2005
270 ## - ADDRESS
City New Delhi
Address 7th West Patel Nagar
Postal code 110008
300 ## - PHYSICAL DESCRIPTION
Extent 286p.
Dimensions 20cm(Hb)
650 ## - SUBJECT ADDED ENTRY--TOPICAL TERM
Topical term or geographic name as entry element Executive skill
9 (RLIN) 104328
650 ## - SUBJECT ADDED ENTRY--TOPICAL TERM
Topical term or geographic name as entry element General management
9 (RLIN) 16441
700 ## - ADDED ENTRY--PERSONAL NAME
Personal name Peacock, Gary
9 (RLIN) 101342
942 ## - ADDED ENTRY ELEMENTS (KOHA)
Source of classification or shelving scheme Dewey Decimal Classification
Koha item type English Books
Classification part 658.409
Call number suffix KOZ
Holdings
Withdrawn status Lost status Damaged status Not for loan Home library Current library Date acquired Source of acquisition Total Checkouts Full call number Barcode Date last seen Date checked out Copy number Price effective from Koha item type Source of classification or shelving scheme Collection code Cost, normal purchase price Cost, replacement price
        Central Library Central Library 16/11/2015 Cen Lib/Ret 3 658.409 KOZ B-192080 11/07/2022 31/01/2022 1 16/11/2015 English Books        
        Sarojini Nagar Sarojini Nagar 13/04/2019     658.409 KOZ B-192082 13/04/2019     13/04/2019 English Books Dewey Decimal Classification Non-fiction    
        Shahdara Branch Shahdara Branch 21/06/2018 BPPD/PUB   658.409 KOZ B-192087 21/06/2018     21/06/2018 English Books Dewey Decimal Classification Non-fiction 0.00 0.00

© Delhi Public Library
Hit Counter
free hit counter